Rozpoznaj jaki to język - Statystyki

Ogólne statystyki
  • Ten quiz został rozwiązany 717 razy
    697 od ostatniego zresetowania
  • Średni wynik to 6 z 15
Statystyki odpowiedzi
Zagadnienie Odpowiedź % Poprawnych
Mind várjuk, hogy újra lehessen utazni, bejárni hazánk szebbnél szebb térségeit, felfedezni ismerős és ismeretlen tájakat. Węgierski
80%
Utskosken alusta, Jarim, Palosuvanto, Lossisuvanto ja Karnjarga eivät niminä esittelyjä kaipaa. Fiński
67%
Gió được tạo ra bởi sự khác biệt trong áp suất khí quyển. Wietnamski
65%
Pasuria dhe bukuria e krahinave fshatare dhe pyjeve shpesh u kane dhëne mundësi vizitoreve te gjejnë krijesa dhe kafshe qe rralle te qëllon t’i hasesh. Albański
52%
Ach, tá a fhios agat, tá mé ag oiliúint mar aisteoir mé féin. Irlandzki
50%
Efektif berarti bahwa tujuan dapat dicapai sesuai dengan perencanaan, sementara efisien berarti bahwa tugas yang ada dilaksanakan secara benar, terorganisir, dan sesuai dengan jadwal. Bahasa Indonesia
41%
Pilietis turi teisę įstatymo nustatyta tvarka gauti valstybės įstaigų turimą informaciją apie jį. Litewski
38%
ǁNatib gye ǂnirase gye ǂhomisen, tsĩb gye ǁhei-ǂnu ei bi nĩse ǃgũṅ tsĩ ǀnĩ dā-ǃharoroti gose gye ǂgai-ǃoa-ǃoasen, tsĩb gye ǃũi-aob ei ǁhei-ǂnũ tsĩ ǁkhōse gye ǃkhā bi. Khoekhoe (Nama)
36%
Smjertne pady wjedu woni na njezbožowne wobstejnosće a jeničce jednotliwe nadpady wróćo. Górnołużycki
31%
Harana edo ibarra lurrazaleko sakonune bat da, forma luzekoa eta ibai edo glaziar baten higadurak sortua. Inklinatua da, itsasorantz, laku baterantz edo arro baterantz. Baskijski
28%
Ná afloop daarvan sal werkswinkelgangers genooi word om twee weergawes van ʼn eie gedig aan die aanbieder te stuur vir kommentaar: soos dit gelyk het vóór die tyd, en hoe dit verwerk of herskryf is na aanleiding van die kundighede wat by die werkswinkel opgedoen is. Afrikaans
23%
Urinpiqa inti chawpi p'unchaw pachapi kachkan. Tiksimuyup t'urpin urin qhipannintam purin. Keczua
22%
Lekin kuchli shamol tabiat va xoʻjalikni vayron qiluvchi xavf tugʻdiradi. Uzbecki
22%
Vîtginiştaynî bizav kir ko bi rêya lêkolîna li ser bikaranîna zanînê di zimanê xweriskî da xwe ji pênasekirina zanînê bidit paş. Kurdyjski
21%
Со оглед на тоа што восприемањето на бојата доаѓа од различните видови на конусни клетки во мрежницата одговорни за детекција на зрачење до различни делови во спектарот, боите можат да се дефинираат и измерат по степенот со кој тие ги стимулираат овие клетки. Macedoński
14%
Nie znaleziono quizów pasujących do podanych kryteriów
Rozkład punktacji
Procent ludzi z każdym wynikiem
Percentyl według liczby udzielonych odpowiedzi
Twoja historia wyników
Nie rozwiązałeś tego quizu od ostatniego zresetowania